[Event "UK Armed Services Championship"]
[Site "Wittering"]
[Date "2024.04.06"]
[Round "4.27"]
[White "Finn, Matthew"]
[Black "Brocklehurst, John"]
[Result "0-1"]
[WhiteElo "1200"]
[BlackElo "1500"]
[PlyCount "112"]
[EventDate "2024.04.05"]
[EventType "swiss"]
[EventRounds "7"]
[EventCountry "ENG"]
[SourceTitle "BritBase"]
[Source "John Saunders"]
[SourceDate "2024.05.09"]
[SourceVersion "1"]
[SourceVersionDate "2024.04.06"]
[SourceQuality "1"]

1. Nf3 c6 2. d4 d5 3. Bf4 Bf5 4. e3 e6 5. Bd3 Bxd3 6. Qxd3 Nf6 7. h3 Be7 8. O-O
O-O 9. Nbd2 c5 10. b3 Nc6 11. c3 Rc8 12. dxc5 Bxc5 13. b4 Bd6 14. Bxd6 Qxd6 15.
Rfe1 e5 16. e4 d4 17. Rac1 Rfd8 18. Nc4 Qe6 19. cxd4 Nxd4 20. Ncd2 Rxc1 21.
Rxc1 Nxf3+ 22. Qxf3 Rxd2 23. Qc3 Rd8 24. Qc7 Rf8 25. Qxb7 Qxa2 26. Rc8 g6 27.
Rxf8+ Kxf8 28. Qc6 Kg7 29. f4 Qb1+ 30. Kh2 Qxe4 31. Qxe4 Nxe4 32. fxe5 f5 33.
exf6+ Kxf6 34. g4 h5 35. gxh5 gxh5 36. Kg2 Kg5 37. Kf3 Nd6 38. Kg3 Nc4 39. h4+
Kg6 40. Kf4 a5 41. bxa5 Nxa5 42. Kg3 Kf5 43. Kf3 Nc4 44. Kg3 Ne5 45. Kh3 Kf4
46. Kh2 Kg4 47. Kg2 Nf3 48. Kf2 Nxh4 49. Kg1 Kg3 50. Kh1 Nf5 51. Kg1 h4 52. Kh1
Nd6 53. Kg1 Ne4 54. Kh1 Nf2+ 55. Kg1 h3 56. Kf1 h2 0-1

[Event "UK Armed Services Championship"]
[Site "Wittering"]
[Date "2024.04.06"]
[Round "4.28"]
[White "Price, Jamie"]
[Black "Rossetti, Oliver"]
[Result "0-1"]
[WhiteElo "1300"]
[BlackElo "1762"]
[PlyCount "64"]
[EventDate "2024.04.05"]
[EventType "swiss"]
[EventRounds "7"]
[EventCountry "ENG"]
[SourceTitle "BritBase"]
[Source "John Saunders"]
[SourceDate "2024.05.09"]
[SourceVersion "1"]
[SourceVersionDate "2024.04.06"]
[SourceQuality "1"]

1. e4 Nf6 2. Nc3 e5 3. Nf3 d6 4. Bc4 Bg4 5. h3 Bh5 6. Nxe5 dxe5 7. g4 Bg6 8.
Qf3 Nc6 9. h4 Nd4 10. Qd3 h6 11. h5 Bh7 12. f3 Nd7 13. Nb5 Nc5 14. Qc3 a6 15.
Nxd4 Qxd4 16. Qxd4 exd4 17. d3 Bd6 18. Bd2 Bg3+ 19. Ke2 f6 20. c3 dxc3 21. Bxc3
Bg8 22. Kd2 Bxc4 23. dxc4 O-O-O+ 24. Kc2 Rhe8 25. Rac1 Be5 26. Bb4 Nd3 27. Rcf1
Nxb4+ 28. Kb1 Rd2 29. f4 Rxb2+ 30. Kc1 Nxa2+ 31. Kd1 Rd8+ 32. Ke1 Bc3# 0-1

[Event "UK Armed Services Championship"]
[Site "Wittering"]
[Date "2024.04.06"]
[Round "4.29"]
[White "Taylor, Ross"]
[Black "Duxbury, Daniel"]
[Result "1-0"]
[WhiteElo "1476"]
[BlackElo "1260"]
[PlyCount "39"]
[EventDate "2024.04.05"]
[EventType "swiss"]
[EventRounds "7"]
[EventCountry "ENG"]
[SourceTitle "BritBase"]
[Source "John Saunders"]
[SourceDate "2024.05.09"]
[SourceVersion "1"]
[SourceVersionDate "2024.04.06"]
[SourceQuality "1"]

1. e4 c5 2. c3 g6 3. d4 Bg7 4. Nf3 cxd4 5. cxd4 e6 6. Nc3 Ne7 7. Be3 O-O 8. Qd2
b6 9. Bh6 Bb7 10. Be2 d5 11. e5 Nbc6 12. O-O Bxh6 13. Qxh6 Nf5 14. Qd2 Rc8 15.
Bd1 a6 16. Bc2 Nfe7 17. Qh6 f6 18. exf6 Nf5 19. Bxf5 exf5 20. Qg7# 1-0

[Event "UK Armed Services Championship"]
[Site "Wittering"]
[Date "2024.04.06"]
[Round "4.30"]
[White "Rai, Rabindra"]
[Black "Margarson, Martyn"]
[Result "1-0"]
[WhiteElo "1462"]
[BlackElo "1200"]
[PlyCount "73"]
[EventDate "2024.04.05"]
[EventType "swiss"]
[EventRounds "7"]
[EventCountry "ENG"]
[SourceTitle "BritBase"]
[Source "John Saunders"]
[SourceDate "2024.05.09"]
[SourceVersion "1"]
[SourceVersionDate "2024.04.06"]
[SourceQuality "1"]

1. e4 e5 2. Nc3 Nf6 3. Nf3 Bc5 4. d4 exd4 5. Nxd4 c6 6. Bg5 O-O 7. e5 Qc7 8.
exf6 Qe5+ 9. Be3 g6 10. Qd3 b5 11. O-O-O Ba6 12. Nf3 b4 13. Nxe5 Bxd3 14. Bxc5
bxc3 15. Bxd3 cxb2+ 16. Kb1 Re8 17. Nf3 h6 18. Be7 d5 19. h4 Nd7 20. h5 g5 21.
Rhe1 a5 22. Ne5 Nb6 23. Nxf7 Kxf7 24. Bg6+ Kg8 25. f7+ Kg7 26. fxe8=Q Rxe8 27.
Bf6+ Kxf6 28. Rxe8 Nd7 29. Rde1 g4 30. R1e6+ Kg5 31. Kxb2 d4 32. Rd6 Nc5 33. g3
Nd7 34. Rxd7 d3 35. cxd3 Kf6 36. Rf7+ Kg5 37. Re5# 1-0

[Event "UK Armed Services Championship"]
[Site "Wittering"]
[Date "2024.04.06"]
[Round "4.31"]
[White "Bray, Justin"]
[Black "Tucker, Andrew"]
[Result "1-0"]
[WhiteElo "1200"]
[BlackElo "1461"]
[PlyCount "91"]
[EventDate "2024.04.05"]
[EventType "swiss"]
[EventRounds "7"]
[EventCountry "ENG"]
[SourceTitle "BritBase"]
[Source "John Saunders"]
[SourceDate "2024.05.09"]
[SourceVersion "1"]
[SourceVersionDate "2024.04.06"]
[SourceQuality "1"]

1. c4 e6 2. a3 c6 3. g3 d5 4. e3 h6 5. d4 c5 6. Nc3 Nf6 7. Nf3 Ne4 8. Bg2 Bd6
9. cxd5 Nxc3 10. bxc3 exd5 11. O-O cxd4 12. cxd4 O-O 13. Bb2 Bc7 14. Ne5 Be6
15. Rc1 Ba5 16. f4 Qb6 17. Rc2 Bf5 18. Rc5 Be6 19. f5 Bxf5 20. Rxf5 Qxb2 21.
Rxa5 Qc3 22. Rxd5 Nc6 23. Qe2 Nxe5 24. Rdxe5 Qxa3 25. Bd5 Qc1+ 26. Rf1 Qc7 27.
Qh5 Kh8 28. Rxf7 Rxf7 29. Bxf7 a6 30. Re8+ Rxe8 31. Bxe8 Qe7 32. Qe5 Qxe5 33.
dxe5 Kg8 34. e6 Kf8 35. Bd7 b5 36. Bc6 b4 37. Ba4 a5 38. Kf2 Ke7 39. Kf3 Kxe6
40. Ke4 g5 41. Kd4 Kf5 42. e4+ Ke6 43. g4 Ke7 44. Ke5 h5 45. Kf5 h4 46. Kxg5
1-0

[Event "UK Armed Services Championship"]
[Site "Wittering"]
[Date "2024.04.06"]
[Round "4.32"]
[White "Shrestha, Yubraj"]
[Black "Searle, Tristan"]
[Result "0-1"]
[WhiteElo "1200"]
[BlackElo "1424"]
[PlyCount "92"]
[EventDate "2024.04.05"]
[EventType "swiss"]
[EventRounds "7"]
[EventCountry "ENG"]
[SourceTitle "BritBase"]
[Source "John Saunders"]
[SourceDate "2024.05.09"]
[SourceVersion "1"]
[SourceVersionDate "2024.04.06"]
[SourceQuality "1"]

1. e3 c5 2. b3 e5 3. Bb2 Nc6 4. a3 d5 5. Nf3 Bd6 6. g3 Nf6 7. Bg2 Bg4 8. h3 Bh5
9. Qc1 O-O 10. g4 Bg6 11. d3 e4 12. Nh4 exd3 13. Nxg6 fxg6 14. cxd3 d4 15. e4
Ne5 16. Qc2 Rc8 17. Nd2 b5 18. Nf3 Qa5+ 19. Ke2 Nfd7 20. Rhc1 Nxf3 21. Bxf3 Bf4
22. Rd1 Ne5 23. Bg2 c4 24. bxc4 bxc4 25. Kf1 cxd3 26. Qb3+ Kh8 27. Bxd4 Rb8 28.
Qe6 d2 29. Qd5 Qxd5 30. exd5 Nc4 31. Kg1 Nb2 32. Bxb2 Rxb2 33. Be4 Rc8 34. Kf1
Kg8 35. Ke2 Kf7 36. f3 Kf6 37. Rab1 Rxb1 38. Rxb1 Rc1 39. Bc2 Rxc2 40. Rd1 Ke5
41. d6 Kxd6 42. Kd3 Rc1 43. Rxd2 Bxd2 44. Kxd2 Rh1 45. Ke3 Rxh3 46. Kf2 Rh1 0-1

[Event "UK Armed Services Championship"]
[Site "Wittering"]
[Date "2024.04.06"]
[Round "4.33"]
[White "Howard, Edward"]
[Black "Johnson, Kimberley"]
[Result "1-0"]
[WhiteElo "1400"]
[BlackElo "800"]
[PlyCount "85"]
[EventDate "2024.04.05"]
[EventType "swiss"]
[EventRounds "7"]
[EventCountry "ENG"]
[SourceTitle "BritBase"]
[Source "John Saunders"]
[SourceDate "2024.05.09"]
[SourceVersion "1"]
[SourceVersionDate "2024.04.06"]
[SourceQuality "1"]

1. e4 c5 2. Nf3 Nc6 3. d4 d6 4. Bb5 a6 5. Bxc6+ bxc6 6. O-O Bg4 7. Be3 Nf6 8.
Nbd2 e5 9. dxe5 Nh5 10. h3 Be6 11. Ng5 dxe5 12. Nxe6 fxe6 13. Qxh5+ g6 14. Qxe5
Be7 15. Qxh8+ Kd7 16. Qxd8+ Bxd8 17. Nc4 Rb8 18. b3 Bf6 19. Rad1+ Ke7 20. Bxc5+
Ke8 21. Nd6+ Kf8 22. Rd2 Be5 23. Nc4+ Kg7 24. Nxe5 g5 25. Rd7+ Kf6 26. Ng4+ Kg6
27. Rd6 Re8 28. Rxc6 a5 29. Rd1 h5 30. Ne5+ Kf6 31. Nc4 a4 32. bxa4 g4 33. hxg4
h4 34. e5+ Kg5 35. f3 Rh8 36. Rxe6 h3 37. Be3+ Kh4 38. gxh3 Kg3 39. Bf2+ Kxf3
40. Rf6+ Ke2 41. Rfd6 Rxh3 42. R1d2+ Kf3 43. R6d3+ 1-0

[Event "UK Armed Services Championship"]
[Site "Wittering"]
[Date "2024.04.06"]
[Round "4.34"]
[White "Graeme, Matthew"]
[Black "Opaleye, Toluwaniyi"]
[Result "0-1"]
[WhiteElo "1165"]
[BlackElo "1395"]
[PlyCount "48"]
[EventDate "2024.04.05"]
[EventType "swiss"]
[EventRounds "7"]
[EventCountry "ENG"]
[SourceTitle "BritBase"]
[Source "John Saunders"]
[SourceDate "2024.05.09"]
[SourceVersion "1"]
[SourceVersionDate "2024.04.06"]
[SourceQuality "1"]

1. e4 e5 2. f4 d5 3. exd5 exf4 4. Nf3 Nf6 5. Nc3 Nxd5 6. Bc4 Be6 7. O-O Bc5+ 8.
d4 Nxc3 9. bxc3 Bxc4 10. dxc5 Bxf1 11. Qxd8+ Kxd8 12. Kxf1 Nd7 13. Bxf4 Nxc5
14. Ne5 Ke7 15. Re1 Kf6 16. Kf2 Rhe8 17. Ng4+ Kf5 18. Rxe8 Rxe8 19. Kf3 Ne4 20.
Ne3+ Kg6 21. Nc4 Nxc3 22. Ne5+ Kf5 23. g4+ Kf6 24. h4 Rxe5 0-1

[Event "UK Armed Services Championship"]
[Site "Wittering"]
[Date "2024.04.06"]
[Round "4.35"]
[White "Ahmad, Hasan"]
[Black "Bridge, Michael"]
[Result "1-0"]
[WhiteElo "1098"]
[BlackElo "1376"]
[PlyCount "93"]
[EventDate "2024.04.05"]
[EventType "swiss"]
[EventRounds "7"]
[EventCountry "ENG"]
[SourceTitle "BritBase"]
[Source "John Saunders"]
[SourceDate "2024.05.09"]
[SourceVersion "1"]
[SourceVersionDate "2024.04.06"]
[SourceQuality "1"]

1. e4 e5 2. Nc3 Bb4 3. Bc4 Qg5 4. Qf3 Qf6 5. Qe3 c6 6. a3 Ba5 7. Nf3 b5 8. Bb3
Ba6 9. d3 Nh6 10. h3 d6 11. Qe2 Bb7 12. Bg5 Qg6 13. Qd2 f6 14. Bxh6 gxh6 15.
Nh4 Bxc3 16. bxc3 Qg5 17. Qxg5 hxg5 18. Nf5 Kd7 19. O-O-O Na6 20. d4 Nc7 21.
dxe5 fxe5 22. Rxd6+ Kc8 23. Ne7+ Kb8 24. Rhd1 a6 25. Nxc6+ Bxc6 26. Rxc6 Ra7
27. Rd7 h5 28. Re7 Re8 29. Rg7 g4 30. hxg4 hxg4 31. Rxg4 Rf8 32. f3 Ne8 33.
Rgg6 Rc7 34. Rxa6 Rxc3 35. Bd5 Nc7 36. Rab6+ Kc8 37. Rgc6 Rxc6 38. Rxc6 Kd7 39.
Kd2 Rh8 40. Rg6 Ke7 41. Bb3 Rd8+ 42. Kc3 Ne8 43. g4 Rd4 44. Re6+ Kd7 45. Rxe5
Rd1 46. Rd5+ Rxd5 47. exd5 1-0

[Event "UK Armed Services Championship"]
[Site "Wittering"]
[Date "2024.04.06"]
[Round "4.38"]
[White "Hutton, Michael"]
[Black "Reynolds, Ellis"]
[Result "0-1"]
[WhiteElo "600"]
[BlackElo "1305"]
[PlyCount "80"]
[EventDate "2024.04.05"]
[EventType "swiss"]
[EventRounds "7"]
[EventCountry "ENG"]
[SourceTitle "BritBase"]
[Source "John Saunders"]
[SourceDate "2024.05.09"]
[SourceVersion "1"]
[SourceVersionDate "2024.04.06"]
[SourceQuality "1"]

1. d4 d6 2. Bf4 Nf6 3. e3 g6 4. Bd3 Bg7 5. c3 O-O 6. Nf3 Bg4 7. Nbd2 Nbd7 8.
Qb3 e5 9. dxe5 dxe5 10. Bxe5 Nxe5 11. Nxe5 Be6 12. Bc4 Nd5 13. O-O-O Bxe5 14.
Nf3 Bf6 15. Nd4 c6 16. e4 b5 17. Nxc6 bxc4 18. Qb5 Qb6 19. a4 Qxb5 20. axb5 Nf4
21. e5 Nd3+ 22. Kc2 Nxf2 23. exf6 Nxh1 24. Rxh1 Bd7 25. Ne7+ Kh8 26. b3 Bxb5
27. g4 h6 28. h4 a5 29. b4 axb4 30. g5 h5 31. Rf1 Ra2+ 32. Kb1 Rfa8 33. Nxg6+
fxg6 34. Rf4 b3 35. f7 Kg7 36. f8=Q+ Rxf8 37. Rxf8 Kxf8 38. Kc1 Ke7 39. Kb1 Ke6
40. Kc1 Kf5 0-1

[Event "UK Armed Services Championship"]
[Site "Wittering"]
[Date "2024.04.06"]
[Round "4.41"]
[White "Peacock, Christopher"]
[Black "McClennon, Dave"]
[Result "0-1"]
[WhiteElo "1436"]
[BlackElo "1586"]
[PlyCount "84"]
[EventDate "2024.04.05"]
[EventType "swiss"]
[EventRounds "7"]
[EventCountry "ENG"]
[SourceTitle "BritBase"]
[Source "John Saunders"]
[SourceDate "2024.05.09"]
[SourceVersion "1"]
[SourceVersionDate "2024.04.06"]
[SourceQuality "1"]

1. e4 c5 2. Nf3 Nc6 3. c3 e6 4. d4 cxd4 5. cxd4 Nf6 6. e5 Nd5 7. Be2 d6 8. Bb5
Bd7 9. Bxc6 Bxc6 10. O-O dxe5 11. Nxe5 Qc7 12. Qf3 Nb4 13. Nxc6 Qxc6 14. Qxc6+
bxc6 15. a3 Nc2 16. Ra2 Nxd4 17. b4 Rd8 18. Kh1 c5 19. Be3 e5 20. f4 f6 21.
fxe5 fxe5 22. Rd2 cxb4 23. axb4 Bxb4 24. Rb2 a5 25. Bd2 Nc6 26. Bxb4 axb4 27.
Nd2 Rd5 28. Ra1 Rf8 29. Nc4 Ke7 30. Ne3 Rd3 31. Re2 Nd4 32. Nd5+ Kd6 33. Nxb4
Rb3 34. Ra6+ Kc5 35. Nd3+ Rxd3 36. Re1 e4 37. h3 e3 38. Rc1+ Kd5 39. Ra5+ Ke4
40. Rcc5 Re8 41. Rc4 e2 42. Ra1 Rd1+ 0-1

[Event "UK Armed Services Championship"]
[Site "Wittering"]
[Date "2024.04.07"]
[Round "5.1"]
[White "Onley, David E"]
[Black "Sherpa, Ngadi"]
[Result "1/2-1/2"]
[WhiteElo "2156"]
[BlackElo "1791"]
[PlyCount "37"]
[EventDate "2024.04.05"]
[EventType "swiss"]
[EventRounds "7"]
[EventCountry "ENG"]
[SourceTitle "BritBase"]
[Source "John Saunders"]
[SourceDate "2024.05.09"]
[SourceVersion "1"]
[SourceVersionDate "2024.04.06"]
[SourceQuality "1"]

1. e4 c5 2. Nf3 Nc6 3. Bb5 a6 4. Bxc6 dxc6 5. h3 g6 6. d3 c4 7. dxc4 Qxd1+ 8.
Kxd1 Bg7 9. Nbd2 Nf6 10. Ke2 b5 11. Re1 bxc4 12. e5 Nd5 13. Nxc4 a5 14. Be3 Ba6
15. b3 Nb4 16. Rec1 Nd5 17. Re1 Nb4 18. Rec1 Nd5 19. Re1 1/2-1/2

[Event "UK Armed Services Championship"]
[Site "Wittering"]
[Date "2024.04.07"]
[Round "5.2"]
[White "Bradley, William"]
[Black "Tenin, Alex"]
[Result "1-0"]
[WhiteElo "1901"]
[BlackElo "2061"]
[PlyCount "77"]
[EventDate "2024.04.05"]
[EventType "swiss"]
[EventRounds "7"]
[EventCountry "ENG"]
[SourceTitle "BritBase"]
[Source "John Saunders"]
[SourceDate "2024.05.09"]
[SourceVersion "1"]
[SourceVersionDate "2024.04.06"]
[SourceQuality "1"]

1. e4 e5 2. Nf3 Nc6 3. Bb5 a6 4. Ba4 Bc5 5. O-O Qf6 6. Nc3 Nge7 7. Nd5 Nxd5 8.
exd5 Ne7 9. d4 e4 10. dxc5 exf3 11. d6 cxd6 12. cxd6 Ng6 13. Re1+ Kf8 14. Qd5
h6 15. Bd2 fxg2 16. Re4 Kg8 17. Bb3 Qxb2 18. Rae1 Kh7 19. c3 Rb8 20. R4e3 b5
21. Bc1 Qb1 22. Ba3 Bb7 23. Rxb1 Bxd5 24. Bxd5 f5 25. Bxg2 f4 26. Re2 Nh4 27.
Be4+ g6 28. Bd5 Nf5 29. Rbe1 Rhd8 30. Bc5 h5 31. Ba7 Rbc8 32. Bb6 Rf8 33. Bc7
Rf6 34. Re7+ Nxe7 35. Rxe7+ Kh6 36. Rxd7 Re8 37. Re7 Rff8 38. Rxe8 Rxe8 39. d7
1-0

[Event "UK Armed Services Championship"]
[Site "Wittering"]
[Date "2024.04.07"]
[Round "5.3"]
[White "Echavarria Hidalgo, Fernando"]
[Black "Parker, Glen D"]
[Result "0-1"]
[WhiteElo "1785"]
[BlackElo "2039"]
[Annotator "kjt23"]
[PlyCount "112"]
[EventDate "2024.04.05"]
[EventType "swiss"]
[EventRounds "7"]
[EventCountry "ENG"]
[SourceTitle "BritBase"]
[Source "John Saunders"]
[SourceDate "2024.05.09"]
[SourceVersion "1"]
[SourceVersionDate "2024.04.06"]
[SourceQuality "1"]

1. e4 e6 2. d3 d5 3. Nd2 c5 4. Ngf3 Nc6 5. g3 Bd7 6. Bg2 Bd6 7. O-O Nge7 8. Re1
O-O 9. c3 Rc8 10. Nf1 Qb6 11. Ne3 Bb8 12. h4 a6 13. Bh3 d4 14. Nc4 Qd8 15. a4
b5 16. axb5 axb5 17. Na3 Qb6 18. Qb3 Na5 19. Qd1 Rfd8 20. Bg5 f6 21. Bd2 e5 22.
Bxd7 Rxd7 23. cxd4 b4 24. dxc5 Rxc5 25. Nc4 Nxc4 26. Qb3 Rc8 27. dxc4 Qc5 28.
Bxb4 Qxc4 29. Qxc4+ Rxc4 30. Bc3 Ba7 31. Red1 Rcc7 32. Rxd7 Rxd7 33. Kf1 Kf7
34. Ke2 Nc6 35. Ra6 Nd4+ 36. Nxd4 exd4 37. Bd2 d3+ 38. Kf3 Bd4 39. b4 h5 40.
Ra5 g6 41. Rd5 Rxd5 42. exd5 Ke7 43. Be1 Kd6 44. Ke4 Bxf2 45. Bd2 Bxg3 46. b5
Bf2 47. Bf4+ Kc5 48. d6 d2 49. Bxd2 Kxd6 50. Ba5 Bxh4 51. Bb4+ Kd7 52. Kd5 Bf2
53. Ba5 h4 54. b6 h3 55. b7 Bg3 56. Bc3 h2 0-1

[Event "UK Armed Services Championship"]
[Site "Wittering"]
[Date "2024.04.07"]
[Round "5.4"]
[White "Millener, Richard P"]
[Black "Podolski, Edwin"]
[Result "1-0"]
[WhiteElo "1845"]
[BlackElo "1593"]
[PlyCount "53"]
[EventDate "2024.04.05"]
[EventType "swiss"]
[EventRounds "7"]
[EventCountry "ENG"]
[SourceTitle "BritBase"]
[Source "John Saunders"]
[SourceDate "2024.05.09"]
[SourceVersion "1"]
[SourceVersionDate "2024.04.06"]
[SourceQuality "1"]

1. d4 e6 2. Nc3 Nf6 3. e4 d5 4. e5 Nfd7 5. f4 Qh4+ 6. g3 Qd8 7. Bg2 b6 8. f5 g6
9. fxe6 fxe6 10. Qg4 Qe7 11. Bg5 Qf7 12. O-O-O Be7 13. Rf1 Bxg5+ 14. Qxg5 Qe7
15. Qh6 Ba6 16. Nge2 Bxe2 17. Nxe2 c5 18. Nc3 Na6 19. Nb5 Rf8 20. Nd6+ Kd8 21.
Rxf8+ Qxf8 22. Qxh7 Qf2 23. Qg8+ Nf8 24. Rf1 Qxg2 25. Rxf8+ Kc7 26. Qg7+ Kc6
27. Qb7# 1-0

[Event "UK Armed Services Championship"]
[Site "Wittering"]
[Date "2024.04.07"]
[Round "5.5"]
[White "Thurlow, Kevin J"]
[Black "Portman, Carl S"]
[Result "1/2-1/2"]
[WhiteElo "2042"]
[BlackElo "1913"]
[Annotator "kjt23"]
[PlyCount "86"]
[EventDate "2024.04.05"]
[EventType "swiss"]
[EventRounds "7"]
[EventCountry "ENG"]
[SourceTitle "BritBase"]
[Source "John Saunders"]
[SourceDate "2024.05.09"]
[SourceVersion "1"]
[SourceVersionDate "2024.04.06"]
[SourceQuality "1"]

1. c4 e5 2. Nc3 Nc6 3. e3 Nf6 4. Nf3 Bb4 5. Qc2 O-O 6. Nd5 a5 7. Ng5 g6 8. h4
Nxd5 9. cxd5 Na7 10. b3 Qe7 11. Bb2 d6 12. O-O-O Bf5 13. e4 Bd7 14. f4 f6 15.
Ne6 Bxe6 16. dxe6 exf4 17. d4 d5 18. exd5 c6 19. dxc6 bxc6 20. Qe4 a4 21. Qxf4
axb3 22. axb3 Ba3 23. Bc4 Nb5 24. Qd2 Bb4 25. Qd3 Nd6 26. h5 g5 27. Kc2 Ra2 28.
Ra1 Rfa8 29. Rxa2 Rxa2 30. Ra1 Rxa1 31. Bxa1 Kg7 32. g4 Nxc4 33. Qxc4 Qd6 34.
Qe2 Kf8 35. Qe4 Qh2+ 36. Kd3 Qd2+ 37. Kc4 Ba5 38. Qxc6 (38. e7+ Ke8 39. Qxc6+
Kxe7 40. Kb5 $18) 38... Qb4+ 39. Kd5 Qxb3+ 40. Kd6 Qb8+ 41. Kd5 Qb3+ 42. Kd6
Qb8+ 43. Kd5 Qb3+ 1/2-1/2

[Event "UK Armed Services Championship"]
[Site "Wittering"]
[Date "2024.04.07"]
[Round "5.6"]
[White "Knight, Christopher J"]
[Black "O'Brien, Anthony T"]
[Result "1/2-1/2"]
[WhiteElo "1669"]
[BlackElo "1847"]
[PlyCount "125"]
[EventDate "2024.04.05"]
[EventType "swiss"]
[EventRounds "7"]
[EventCountry "ENG"]
[SourceTitle "BritBase"]
[Source "John Saunders"]
[SourceDate "2024.05.09"]
[SourceVersion "1"]
[SourceVersionDate "2024.04.06"]
[SourceQuality "1"]

1. e4 e6 2. d4 d5 3. e5 Ne7 4. Nf3 Ng6 5. Bd3 c5 6. c3 Nc6 7. a3 Qb6 8. b4 cxd4
9. cxd4 Bd7 10. Bb2 Nce7 11. Nc3 Nf4 12. O-O a5 13. Na4 Bxa4 14. Qxa4+ Nc6 15.
Bb5 Be7 16. g3 Ng6 17. Rfc1 Kd7 18. bxa5 Rxa5 19. Bxc6+ bxc6 20. Qc2 Rc8 21.
Rcb1 Qa7 22. h4 h6 23. h5 Nf8 24. Qd2 Ra8 25. Qc3 c5 26. Qc1 c4 27. Kg2 Bxa3
28. Bxa3 Rxa3 29. Rxa3 Qxa3 30. Rb7+ Ke8 31. Rb8+ Ke7 32. Rb7+ Nd7 33. Qb1 Qa6
34. Qb4+ Ke8 35. Qb2 Qa5 36. Rb5 Qd8 37. Nd2 Rb8 38. Nb1 Rxb5 39. Qxb5 Qb6 40.
Qxb6 Nxb6 41. Nc3 Ke7 42. f4 Kd7 43. Kf3 Nc8 44. Ke3 Kc7 45. Kd2 Kb6 46. Ne2
Kb5 47. Kc3 Nb6 48. g4 Na4+ 49. Kc2 Kb4 50. f5 exf5 51. gxf5 Nb6 52. e6 fxe6
53. fxe6 Nc8 54. Nf4 Ne7 55. Ng6 Nf5 56. e7 Nd6 57. Nf4 Ne8 58. Nxd5+ Kb5 59.
Kc3 Kc6 60. Ne3 Kd7 61. Kxc4 Kxe7 62. Kc5 Nf6 63. Nd5+ 1/2-1/2

[Event "UK Armed Services Championship"]
[Site "Wittering"]
[Date "2024.04.07"]
[Round "5.7"]
[White "Goodman, Paul"]
[Black "Kelly, Richard"]
[Result "0-1"]
[WhiteElo "1640"]
[BlackElo "1813"]
[PlyCount "76"]
[EventDate "2024.04.05"]
[EventType "swiss"]
[EventRounds "7"]
[EventCountry "ENG"]
[SourceTitle "BritBase"]
[Source "John Saunders"]
[SourceDate "2024.05.09"]
[SourceVersion "1"]
[SourceVersionDate "2024.04.06"]
[SourceQuality "1"]

1. d4 Nf6 2. c4 e5 3. Nf3 e4 4. Ng1 d5 5. Nc3 dxc4 6. Bg5 Be7 7. e3 a6 8. Bxc4
b5 9. Bxf6 Bxf6 10. Bb3 Bb7 11. Qg4 O-O 12. Nge2 Re8 13. O-O b4 14. Na4 Nd7 15.
Rac1 Rc8 16. Nf4 Qe7 17. Nc5 Nxc5 18. Rxc5 c6 19. Rfc1 g6 20. Rf5 Rf8 21. Rcc5
Kh8 22. Rxf6 Qxf6 23. Qd7 Rb8 24. Qc7 Rfc8 25. Qa5 Kg7 26. Qxb4 Ba8 27. Qc4 Rb5
28. Rxb5 axb5 29. Qc5 Qf5 30. Qe7 g5 31. Ne6+ Kg6 32. Nxg5 Qf6 33. Qxe4+ Kxg5
34. g3 Qf5 35. Qe7+ Kg6 36. h4 c5 37. Bxf7+ Kh6 38. Be6 Qb1+ 0-1

[Event "UK Armed Services Championship"]
[Site "Wittering"]
[Date "2024.04.07"]
[Round "5.8"]
[White "Foulds, Andrew"]
[Black "Knipe, Matthew"]
[Result "1/2-1/2"]
[WhiteElo "1792"]
[BlackElo "1639"]
[PlyCount "54"]
[EventDate "2024.04.05"]
[EventType "swiss"]
[EventRounds "7"]
[EventCountry "ENG"]
[SourceTitle "BritBase"]
[Source "John Saunders"]
[SourceDate "2024.05.09"]
[SourceVersion "1"]
[SourceVersionDate "2024.04.06"]
[SourceQuality "1"]

1. d4 g6 2. c4 Bg7 3. Nc3 c5 4. d5 d6 5. Qc2 Nf6 6. e4 O-O 7. Be2 Nbd7 8. f4 e6
9. Nf3 exd5 10. cxd5 Nb6 11. O-O Re8 12. Nd2 Bg4 13. a4 a5 14. Ra3 Bxe2 15.
Nxe2 Nbxd5 16. exd5 Rxe2 17. Qd3 Qe7 18. Nc4 Ng4 19. Ne3 Rxe3 20. Bxe3 Nxe3 21.
Re1 Re8 22. Rxe3 Qxe3+ 23. Qxe3 Bd4 24. Kf2 Kf8 25. Qxd4 cxd4 26. Rd3 Re4 27.
g3 f5 1/2-1/2

[Event "UK Armed Services Championship"]
[Site "Wittering"]
[Date "2024.04.07"]
[Round "5.9"]
[White "Barnes, David"]
[Black "Woolf, Ben"]
[Result "1/2-1/2"]
[WhiteElo "1738"]
[BlackElo "1622"]
[PlyCount "59"]
[EventDate "2024.04.05"]
[EventType "swiss"]
[EventRounds "7"]
[EventCountry "ENG"]
[SourceTitle "BritBase"]
[Source "John Saunders"]
[SourceDate "2024.05.09"]
[SourceVersion "1"]
[SourceVersionDate "2024.04.06"]
[SourceQuality "1"]

1. e4 d5 2. exd5 Qxd5 3. Nc3 Qa5 4. d4 Nf6 5. Bd2 Bg4 6. Nf3 e6 7. Be2 Bb4 8.
O-O Bxc3 9. Bxc3 Qf5 10. Ne5 Bxe2 11. Qxe2 O-O 12. b3 Nbd7 13. Nd3 Nd5 14. Bd2
Rfe8 15. c4 N5b6 16. Bc3 Rad8 17. Rad1 Nf6 18. Rfe1 Nbd7 19. Qe3 Ng4 20. Qg3 c6
21. Bb2 Rc8 22. h3 Ngf6 23. Re3 Ne4 24. Qh4 Nef6 25. Rde1 Qh5 26. Qg3 Qg6 27.
Qh4 Qh5 28. Qf4 Qa5 29. a3 Qf5 30. Qxf5 1/2-1/2

[Event "UK Armed Services Championship"]
[Site "Wittering"]
[Date "2024.04.07"]
[Round "5.10"]
[White "Fox, Thomas"]
[Black "Driscoll, Mark"]
[Result "1/2-1/2"]
[WhiteElo "1500"]
[BlackElo "1720"]
[PlyCount "64"]
[EventDate "2024.04.05"]
[EventType "swiss"]
[EventRounds "7"]
[EventCountry "ENG"]
[SourceTitle "BritBase"]
[Source "John Saunders"]
[SourceDate "2024.05.09"]
[SourceVersion "1"]
[SourceVersionDate "2024.04.06"]
[SourceQuality "1"]

1. e4 c5 2. Nf3 d6 3. Bc4 Nf6 4. d3 a6 5. a3 e6 6. e5 dxe5 7. Nxe5 Qd4 8. Nf3
Qg4 9. O-O b5 10. Ba2 Bb7 11. Nbd2 Nbd7 12. Re1 Bd6 13. h3 Qh5 14. Ne4 Nxe4 15.
dxe4 Be7 16. Bf4 Nf6 17. Nd2 Qg6 18. Qf3 Rd8 19. Rad1 O-O 20. Qg3 Nxe4 21. Qxg6
hxg6 22. Nxe4 Rxd1 23. Rxd1 Bxe4 24. c3 Rd8 25. Rxd8+ Bxd8 26. Bd6 c4 27. b3
Bd3 28. bxc4 bxc4 29. Bc5 Bf6 30. Bb4 Bg5 31. Bc5 Bf4 32. Bb4 Bg5 1/2-1/2